000 03033nam a22002417a 4500
003 UA-OsUOA
005 20210809144128.0
008 210809b un ||||| |||| 00| 0 ukr d
040 _aUA-OsUOA
_bukr
_cUA-OsUOA
_dUA-OsUOA
041 _aukr
080 _a343.97
090 _a343.97
095 _a12.00.08
_bкримінальне право та кримінологія ; кримінально-виконавче право
100 _aМаляр Г. В.
245 _aПроблема політичної злочинності в зарубіжній кримінології
_cМаляр Ганна Василівна ; наук. керівник Музика Анатолій Ананійович
260 _aКиїв
_c2010
300 _a20 с.
502 _6Автореферат дисертації на здобуття наукового ступеня кандидата юридичних наук
_cІнститут держави і права ім. В. М. Корецького НАН України
_d2010
520 _aДисертація містить комплексний аналіз теоретичних проблем політичної злочинності в зарубіжній кримінології. Розглянуто питання місця політичної кримінології в загальній теорії кримінологічної науки. Зроблено висновок про те, що ступінь розробленості та обсяг знань про політичну злочинність дозволяє вважати її напрямом кримінологічної науки. В роботі проаналізовані основні причини виникнення, розповсюдження та трансформації політичної злочинності. Встановлено, що основною причиною політичних злочинів є конфлікт інтересів влади і населення держави. Запропоновано поділ політичних злочинів на: злочини у сфері внутрішньої політики та злочини у сфері зовнішньої політики. Сформульовано визначення поняття політичного злочину - це умисне суспільно небезпечне діяння, передбачене відповідними міжнародно-правовими актами та/або криміналізоване національним законодавством, що вчиняється з політичного мотиву і є однією з протиправних форм боротьби за владу в державі чи на міжнародному рівні.
650 _2UDC
_a343 Кримінальне право. Карні порушення
942 _2udc
_cAR
955 _a1
999 _c571174
_d571174